LEADER 01044nam a2200241 i 4500 001 000000036335 003 CaOOAMICUS 005 20121205000000.0 008 121205s1990 it u000 u ita u 013 $a5683 040 $aSeMil$bita 100 1 $aBellomi Piatti, Paola.$0(OLS)http://semarc/name/17106 245 10$aVelate :$bstoria e segni del tempo in un antico borgo di Varese /$ca cura del Centro Culturale di Velate. 260 $aGavirate :$bNicolini,$c1990. 300 $a101 p. :$bill. ;$c29 cm. 650 4$aVarese - Velate.$0(OLS)http://semarc/subject/6925 700 1 $aCentro Culturale .$0(OLS)http://semarc/name/17108 700 1 $aTognella, Giuliano.$0(OLS)http://semarc/name/17107 850 $aSeMil 852 $aSeMil$W1$xVenegono$y1$m3P VI 156$j2490$B2490$CSeMilBibl$Z2$F2490 $81 961 $aOmaggio: Sandri don Adriano 996 $6245$aVelate :$bstoria e segni del tempo in un antico borgo di Varese$9(OLS)http://semarc/title/50235 996 $6260$aGavirate :$bNicolini$9(OLS)http://semarc/publisher/32542 LEADER 01102nam a2200289 i 4500 001 000000119667 003 CaOOAMICUS 005 20031103000000.0 008 031103s2001 it u000 u ita u 013 $a92361 020 $a88-7357-244-8 040 $aSeMil$bita 100 1 $aNocella, Vittorio.$0(OLS)http://semarc/name/49872 245 10$aMagnificat :$bOsservazioni e poesie sul cantico di Mariam /$cVittorio Nocella. 260 $aRoma :$bAdP,$c2001. 300 $a87 p. ;$c21 cm. 490 0 $aCor Mariae ;$v7 500 $aFondo Card. C.M. Martini. 650 4$aMagnificat.$0(OLS)http://semarc/subject/11066 830 0$aCor Mariae ;$v7.$0(OLS)http://semarc/title/13684 850 $aSeMil 852 $aSeMil$W1$xVenegono$y1$m2L III 46$j74874$B74874$CSeMilBibl$Z2$F94852 $81 941 1 $a4 961 $aOmaggio: Martini Card. Carlo Maria 996 $6020$a88-7357-244-8$9(OLS)http://semarc/number/104613 996 $6245$aMagnificat :$bOsservazioni e poesie sul cantico di Mariam$9(OLS)http://semarc/title/175926 996 $6260$aRoma :$bAdP$9(OLS)http://semarc/publisher/32136